Catálogo público

Reporte del viaje de estudios a Ensenada, Baja California : (Record no. 176603)

MARC details
000 -CABECERA
campo de control de longitud fija 01236nam a2200361Ia 4500
001 - NÚMERO DE CONTROL
campo de control dia_5624
003 - IDENTIFICADOR DEL NÚMERO DE CONTROL
campo de control CHAP
005 - FECHA Y HORA DE LA ÚLTIMA TRANSACCIÓN
campo de control 20240213134307.0
007 - CAMPO FIJO DE DESCRIPCIÓN FÍSICA--INFORMACIÓN GENERAL
campo de control de longitud fija ta
008 - DATOS DE LONGITUD FIJA--INFORMACIÓN GENERAL
campo de control de longitud fija 220117s1997 mx bd fr 001 0 spa d
040 ## - FUENTE DE LA CATALOGACIÓN
Centro/agencia transcriptor CHAP
Centro catalogador/agencia de origen mxchpua
090 ## - LOCALMENTE ASIGNADO TIPO-LC NÚMERO DE CLASIFICACIÓN (OCLC); NÚMERO DE CLASIFICACIÓN LOCAL (RLIN)
Número de clasificación (OCLC) (R) ; Numero de clasificación, CALL (RLIN) (NR) T.C.229
Número cutter local (OCLC) ; Número de libro/Signatura topográfica íntegra, CALL (RLIN) S26 SAI
Año 1997
245 10 - MENCIÓN DE TÍTULO
Título Reporte del viaje de estudios a Ensenada, Baja California :
Resto del título sistema hortalizas /
Mención de responsabilidad, etc. coordinador Armando Santos Moreno ; colaboradores Ubando Aguilar Hernández...[et al.]
260 ## - PUBLICACIÓN, DISTRIBUCIÓN, ETC.
Lugar de publicación, distribución, etc. México :
Nombre del editor, distribuidor, etc. El autor,
Fecha de publicación, distribución, etc. 1997
300 ## - DESCRIPCIÓN FÍSICA
Extensión 42 hojas :
Otras características físicas gráficas, tablas
336 ## - TIPO DE CONTENIDO
Fuente rdacontent
Término de tipo de contenido texto
Código de tipo de contenido txt
337 ## - TIPO DE MEDIO
Fuente rdamedia
Nombre/término del tipo de medio sin medio
Código del tipo de medio n
338 ## - TIPO DE SOPORTE
Fuente rdacarrier
Nombre/término del tipo de soporte volumen
Código del tipo de soporte nc
500 ## - NOTA GENERAL
Nota general 6° año
502 ## - NOTA DE TESIS
Nota de tesis Viaje de Estudios
Tipo de título (SAI) --
Nombre de la institución que otorga el título UACh. Departamento de Ingeniería Agroindustrial,
Año de obtención del título 1997
504 ## - NOTA DE BIBLIOGRAFÍA, ETC.
Nota de bibliografía, etc. Bibliografía: hoja 42
650 13 - PUNTO DE ACCESO ADICIONAL DE MATERIA--TÉRMINO DE MATERIA
Término de materia o nombre geográfico como elemento de entrada Hortalizas
9 (RLIN) 150602
650 13 - PUNTO DE ACCESO ADICIONAL DE MATERIA--TÉRMINO DE MATERIA
Término de materia o nombre geográfico como elemento de entrada Vegetables
9 (RLIN) 151359
700 1# - PUNTO DE ACCESO ADICIONAL--NOMBRE DE PERSONA
Nombre de persona Santos Moreno, Armando
9 (RLIN) 147701
Término indicativo de función/relación coordinador
700 1# - PUNTO DE ACCESO ADICIONAL--NOMBRE DE PERSONA
Nombre de persona Aguilar Hernández, Ubando
9 (RLIN) 159180
Término indicativo de función/relación colaborador
942 ## - ELEMENTOS DE PUNTO DE ACCESO ADICIONAL (KOHA)
Fuente del sistema de clasificación o colocación Clasificación Universidad Autónoma de Chapingo
901 ## - ELEMENTOS DE DATOS A LOCAL LDA (RLIN)
a T.C.229 S26 SAI 1997
902 ## - ELEMENTOS DE DATOS B LOCAL, LDB (RLIN)
a M
905 ## - ELEMENTOS DE DATOS E LOCAL, LDE (RLIN)
a 5332271997 mx nm 8223123322spa16
942 ## - ELEMENTOS DE PUNTO DE ACCESO ADICIONAL (KOHA)
Tipo de ítem Koha Viaje de Estudios
Holdings
Estado de retiro Estado de pérdida Fuente del sistema de clasificación o colocación Estado dañado Restricciones de uso No para préstamo Código de colección Localización permanente Ubicación/localización actual Fecha de adquisición Fuente de adquisición Total de préstamos Signatura topográfica completa Código de barras Fecha visto por última vez Número de copia Precio válido a partir de Tipo de ítem Koha
    Clasificación Universidad Autónoma de Chapingo   Préstamo interno   Viajes de Estudio Ingenieria Agroindustrial Ingenieria Agroindustrial 18/01/2022 El autor   T.C.229 S26 SAI 1997 1106008312 26/01/2026 Ej. 1 18/01/2022 Viaje de Estudios